Computer Networking , (Record no. 37124)

MARC details
000 -LEADER
fixed length control field 00468nam a22001817a 4500
005 - DATE AND TIME OF LATEST TRANSACTION
control field 20260421120120.0
008 - FIXED-LENGTH DATA ELEMENTS--GENERAL INFORMATION
fixed length control field 260421b |||||||| |||| 00| 0 eng d
020 ## - INTERNATIONAL STANDARD BOOK NUMBER
ISBN 72527217866
082 ## - DEWEY DECIMAL CLASSIFICATION NUMBER
Classification number 005.8
Item number KUR-C
100 ## - MAIN ENTRY--AUTHOR
Author Name Kurose, James F.
245 ## - TITLE STATEMENT
Title Computer Networking ,
Remainder of title A Top Down/
Statement of responsibility, etc. Keith W.Ross
250 ## - EDITION STATEMENT
Edition statement 8th ed.
260 ## - PUBLICATION, DISTRIBUTION, ETC.
Place of Publication india:
Name of publisher, distributor, etc. Elesvier;
Date of publication, distribution, etc. 2022.
300 ## - PHYSICAL DESCRIPTION
Pages xiv, 764 p. :
500 ## - GENERAL NOTE
General note include index.
650 ## - SUBJECT ADDED ENTRY--TOPICAL TERM
Subject / Department Networking
952 ## - LOCATION AND ITEM INFORMATION (KOHA)
-- 0
-- 0
Holdings
Lost status Damaged status Collection code Permanent Location Current Location Shelving Location Date acquired Full Call Number Accession No./Barcode Date last seen item type Koha item type
    CS/IT Superior Information Resource Center (SIRC) Superior University- Gold Campus Superior Information Resource Center (SIRC) Superior University- Gold Campus Networking 04/21/2026 005.8 KUR-C 2022 30425 04/21/2026 BOOK BOOK

Powered by Koha